00655nam a2200181 i 4500003000900000005001700009007000300026008004100029040003000070041000800100082001800108245010400126264011000230300004400340336002700384337003400411338002800445DO-SdBNP20250611111635.0ta250611b1986 dr ac||| |||| 00| 0 spa d aDO-SdBNPbspacBNPHUerda aspa 4axxxbO74h22200aHomenaje de la Confederación Patronal de la República Dominicana al Dr. Germán Emilio Ornes. aSanto Domingo, República Dominicana :bConfederación Patronal de la República Dominicana, c1986. a7 páginas :bilustraciones ;c22 cm.  atextobtxt2rdacontent asin mediación bn2rdamedia avolumenbnc2rdacarrier